[Event "NATO-ch 23nd"]
[Site "Brest"]
[Date "2012.10.04"]
[Round "6"]
[White "Bellemare, Regis"]
[Black "Soulie, Cedric"]
[Result "1-0"]
[WhiteElo "1764"]
[BlackElo "2073"]
[PlyCount "170"]
[EventDate "2012.10.01"]
[EventType "swiss"]
[EventRounds "7"]
[EventCountry "FRA"]
[SourceTitle "CBM 150 Extra"]
[Source "ChessBase"]
[SourceDate "2012.10.19"]
[SourceVersion "1"]
[SourceVersionDate "2012.10.19"]
[SourceQuality "1"]

1. e4 d6 2. d4 Nf6 3. Nc3 g6 4. Bd3 Bg7 5. Be3 c6 6. Nf3 Qa5 7. Qd2 Nbd7 8. Bh6 Bxh6 9. Qxh6 Qh5 10. Qxh5 Nxh5 11. Bc4 b5 12. Bb3 Bb7 13. d5 b4 14. dxc6 Bxc6 15. Nd5 Bxd5 16. Bxd5 Rc8 17. Bb3 Nc5 18. Nd2 Nxb3 19. cxb3 Rc2 20. Nc4 Nf4 21. 0-0 0-0 22. Rfd1 Rc8 23. Kf1 Rc5 24. Rac1 Rxc1 25. Rxc1 Rh5 26. h3 Rg5 27. Ne3 Ra5 28. Ra1 e6 29. Nc2 Rc5 30. Nxb4 a5 31. Na6 Rc2 32. b4 axb4 33. Nxb4 Rxb2 34. Nc6 Nd3 35. f3 Rf2+ 36. Kg1 Rc2 37. Nd4 Rc4 38. Nb5 d5 39. exd5 exd5 40. a4 Rb4 41. Nc7 d4 42. a5 Rb7 43. Nd5 Nc5 44. a6 Ra7 45. Nb4 d3 46. Kf1 d2 47. Ke2 Re7+ 48. Kf1 Kg7 49. Nc6 Re8 50. Nb4 Re7 51. a7 Rxa7 52. Rd1 Nb3 53. Ke2 Rd7 54. Nc2 f5 55. Na3 Nc1+ 56. Kf1 Rd3 57. Nc4 Nb3 58. Ke2 Rd7 59. Nxd2 Nd4+ 60. Ke1 Nc2+ 61. Ke2 Re7+ 62. Kf2 f4 63. Ne4 Ra7 64. Nc3 Ne3 65. Re1 Rc7 66. Ne2 g5 67. g4 Rc2 68. Ra1 Rd2 69. h4 h6 70. hxg5 hxg5 71. Rb1 Kf7 72. Ra1 Nc4 73. Rh1 Rd6 74. Ra1 Kg6 75. Re1 Nb2 76. Rb1 Rd2 77. Ra1 Nd3+ 78. Kf1 Ne5 79. Kf2 Rb2 80. Ra5 Kf6 81. Ra1 Rb3 82. Ng1 Nc4 83. Rd1 Ne3 84. Ra1 Rb6 85. Rc1 Ra6 1-0

[Event "NATO-ch 16th"]
[Site "Kolobrzeg"]
[Date "2005.08.27"]
[Round "7"]
[White "Soulie, Cedric"]
[Black "Tia, Rudy Jr"]
[Result "1-0"]
[WhiteElo "2087"]
[BlackElo "2202"]
[PlyCount "120"]
[EventDate "2005.08.21"]
[EventType "swiss"]
[EventRounds "7"]
[EventCountry "POL"]
[SourceTitle "CBM 108 Extra"]
[Source "ChessBase"]
[SourceDate "2005.11.04"]
[SourceVersion "1"]
[SourceVersionDate "2005.11.04"]
[SourceQuality "1"]

1. d4 d6 2. e4 Nf6 3. Bd3 e5 4. Be3 Ng4 5. Qd2 Nxe3 6. fxe3 Qh4+ 7. g3 Qf6 8. Nc3 Bg4 9. Nd5 Qd8 10. Ne2 c6 11. Ndc3 Nd7 12. 0-0-0 Qa5 13. Kb1 0-0-0 14. h3 Bxe2 15. Bxe2 Kb8 16. Rhf1 f6 17. d5 c5 18. Nb5 Qxd2 19. Rxd2 a6 20. Na3 h5 21. Nc4 Kc7 22. g4 g6 23. gxh5 gxh5 24. Rf5 h4 25. Bg4 Bh6 26. Rf3 b5 27. Na5 Nb8 28. c3 Bg5 29. Rdf2 Rh7 30. Kc2 Kb6 31. b4 Rc7 32. Kd2 cxb4 33. cxb4 Rf8 34. Rf1 Rff7 35. Kd3 Ka7 36. Rd1 Kb6 37. Rff1 Ka7 38. Rc1 Kb6 39. a3 Rg7 40. Rg1 Rxc1 41. Rxc1 Rc7 42. Rxc7 Kxc7 43. Ke2 Kb6 44. Kf3 Kc7 45. Be6 Kb6 46. Bc8 Kc7 47. Bb7 Kb6 48. Bc6 Kc7 49. Be8 Kb6 50. a4 Bh6 51. Nb3 bxa4 52. Bxa4 Bg5 53. Nd2 Kc7 54. Nc4 Nd7 55. Bxd7 Kxd7 56. Kg4 Ke7 57. Kf5 Kd7 58. Kg6 Ke7 59. Kg7 f5 60. exf5 Bf6+ 1-0